| 000 | 00845nam a2200253 4500 | ||
|---|---|---|---|
| 001 | 49845 | ||
| 003 | BD-RjUL | ||
| 005 | 20211209054734.0 | ||
| 008 | 160822r19641940ilu b 000 0 eng | ||
| 035 | _a(BD-RjUL)49965 | ||
| 040 |
_aDLC _cCarP _dBD-RjUL _beng |
||
| 041 | _aeng | ||
| 082 |
_223 _a361.1 _bCOS 1964 |
||
| 110 | 2 |
_bCommittee on functions _9149390 |
|
| 245 | 1 | 0 |
_aSome aspects of social casework in a medical setting : _ba study in the field of medical social work / |
| 260 |
_aChicago, Ill. : _bGeorge Banta publishing company, _c1940 [reprinting 1964] |
||
| 300 |
_axiii, 270 p. ; _c24 cm. |
||
| 504 | _aIncludes biblography | ||
| 650 | 0 |
_aMedical social work. _9149391 |
|
| 650 | 0 |
_aHospitals. _9149392 |
|
| 650 | 0 |
_aSocial case work. _9149393 |
|
| 700 | 1 |
_aBartlett, Harriett M. _q(Harriett Moulton) _9149394 |
|
| 942 |
_2ddc _cBK |
||
| 999 |
_c49845 _d49845 |
||